| 000 | 00739nam a22002177a 4500 | ||
|---|---|---|---|
| 003 | OSt | ||
| 005 | 20220929230611.0 | ||
| 008 | 220929b |||||||| |||| 00| 0 eng d | ||
| 020 | _a0-8109-6895-9 | ||
| 040 | _cBiblioteca Lado V | ||
| 082 |
_a779.942 _bG178a |
||
| 100 |
_936 _aGalowitz, Cara _ediseƱadora |
||
| 245 | _aAfrican Photographers, 1940 to the Present/ | ||
| 260 |
_aNew York _bLufthansa _c1996 |
||
| 300 |
_a375p. _c24.5x31.5cm |
||
| 650 |
_2Tesauro de Arte & Arquitectura _aFOTOGRAFIA |
||
| 650 |
_2Tesauro de Arte & Arquitectura _aAFRICA |
||
| 650 |
_2Tesauro de Arte & Arquitectura _aBLANCO Y NEGRO |
||
| 650 |
_2Tesauro de Arte & Arquitectura _aARTE VISUAL |
||
| 942 |
_2ddc _c1 _h 779.942 _iG178a _n0 |
||
| 999 |
_c2146 _d2146 |
||